000 00214nam a2200085Ia 4500
008 170620s9999 xx 000 0 und d
100 _aAvtar Singh
245 0 _aLaw of Arbitration of Conciliation
260 _bEast. Book Company
260 _c2002
999 _c28723
_d28723